[Event "HUN-chT 2324"]
[Site "Hungary"]
[Date "2024.03.03"]
[Round "5.1"]
[White "Sjugirov, Sanan"]
[Black "Ostovic, Matija"]
[Result "1-0"]
[WhiteElo "2705"]
[BlackElo "2377"]
[PlyCount "69"]
[EventDate "2023.10.28"]
[EventType "team-tourn"]
[EventRounds "9"]
[EventCountry "HUN"]
[SourceTitle "CB16_2024"]
[SourceDate "2024.04.17"]
[SourceVersion "1"]
[SourceVersionDate "2024.04.17"]
[SourceQuality "1"]
[WhiteTeam "Ajka Sentimento"]
[BlackTeam "Tapolca Varos"]
[WhiteTeamCountry "HUN"]
[BlackTeamCountry "HUN"]

1. e4 e5 2. Nf3 d6 3. d4 exd4 4. Nxd4 Nf6 5. Nc3 g6 6. Be3 Bg7 7. Qd2 0-0 8. 0-0-0 Re8 9. f3 Nc6 10. g4 a6 11. Be2 Ne5 12. Bh6 Bh8 13. Bg5 b5 14. Rhg1 Bb7 15. a3 c5 16. Nf5 gxf5 17. gxf5 Kf8 18. f4 Nc6 19. Nd5 Bg7 20. e5 Ne4 21. f6 Nxg5 22. fxg7+ Kxg7 23. Rxg5+ Kh8 24. Nf6 dxe5 25. Nxe8 Qxd2+ 26. Rxd2 Rxe8 27. Rd7 Nd4 28. Bh5 Be4 29. Rxe5 Rxe5 30. fxe5 Nxc2 31. Bxf7 Nd4 32. e6 Bf5 33. Rd8+ Kg7 34. e7 Bd7 35. Bd5 1-0

[Event "Budapest FS08 IM"]
[Site "Budapest"]
[Date "2023.08.08"]
[Round "4"]
[White "Varga, Zoltan"]
[Black "Ostovic, Matija"]
[Result "1/2-1/2"]
[WhiteElo "2363"]
[BlackElo "2391"]
[PlyCount "61"]
[EventDate "2023.08.05"]
[EventType "tourn"]
[EventRounds "9"]
[EventCountry "HUN"]
[EventCategory "2"]
[SourceTitle "CBM 215 Extra"]
[Source "ChessBase"]
[SourceDate "2023.09.30"]
[SourceVersion "1"]
[SourceVersionDate "2023.09.30"]
[SourceQuality "1"]

1. e4 d6 2. d4 Nf6 3. Bd3 e5 4. c3 Nbd7 5. Nf3 d5 6. dxe5 dxe4 7. exf6 exf3 8. Qxf3 Ne5 9. Bb5+ c6 10. Qg3 Qxf6 11. Be2 Bd6 12. Qg5 Qe6 13. Be3 0-0 14. Nd2 h6 15. Qh5 Ng4 16. Qxg4 Qxg4 17. Bxg4 Bxg4 18. h3 Bf5 19. 0-0-0 Bc7 20. Nb3 a5 21. Nc5 b6 22. g4 Bg6 23. Nd7 Rfe8 24. Nxb6 Bxb6 25. Bxb6 Re2 26. Rd2 Rxd2 27. Kxd2 Rb8 28. Bxa5 Rxb2+ 29. Ke3 Rxa2 30. Bb4 Bc2 31. Rc1 1/2-1/2

[Event "Budapest FS08 IM"]
[Site "Budapest"]
[Date "2023.08.05"]
[Round "1"]
[White "Ostovic, Matija"]
[Black "Sihite, Chelsie Monica"]
[Result "0-1"]
[WhiteElo "2391"]
[BlackElo "2251"]
[PlyCount "94"]
[EventDate "2023.08.05"]
[EventType "tourn"]
[EventRounds "9"]
[EventCountry "HUN"]
[EventCategory "2"]
[SourceTitle "CBM 215 Extra"]
[Source "ChessBase"]
[SourceDate "2023.09.30"]
[SourceVersion "1"]
[SourceVersionDate "2023.09.30"]
[SourceQuality "1"]

1. d4 Nf6 2. c4 e6 3. Nf3 b6 4. e3 Bb7 5. Bd3 d5 6. cxd5 exd5 7. 0-0 Bd6 8. b3 Qe7 9. Nc3 a6 10. Re1 Ne4 11. Bb2 Nd7 12. Ne2 0-0 13. Rc1 Rfe8 14. Ng3 g6 15. Qe2 h5 16. Nf1 b5 17. N3d2 c5 18. dxc5 Ndxc5 19. Bb1 Rac8 20. Ba1 Be5 21. Bxe5 Qxe5 22. Nf3 Qf6 23. Nd4 b4 24. Qb2 a5 25. f3 Nc3 26. Nb5 Nd7 27. Nd4 Ba6 28. Qd2 Nc5 29. Kh1 Re7 30. f4 Nxb1 31. Rxb1 Ne4 32. Qb2 Nc3 33. Rbc1 Bxf1 34. Rxf1 Rxe3 35. Qd2 Rce8 36. f5 g5 37. a4 R8e4 38. Nb5 d4 39. Qf2 h4 40. Qd2 h3 41. gxh3 Re2 42. Qd3 R4e3 43. Qc4 Rxh2+ 44. Kxh2 Qe5+ 45. Kg1 Qg3+ 46. Kh1 Qxh3+ 47. Kg1 Qg4+ 0-1

[Event "CRO-chT1A 30th"]
[Site "Porec"]
[Date "2022.09.24"]
[Round "1.5"]
[White "Ostovic, Matija"]
[Black "Petkov, Vladimir"]
[Result "1/2-1/2"]
[WhiteElo "2386"]
[BlackElo "2451"]
[PlyCount "51"]
[EventDate "2022.09.24"]
[EventType "team-tourn"]
[EventRounds "9"]
[EventCountry "CRO"]
[SourceTitle "CBM 210 Extra"]
[Source "ChessBase"]
[SourceDate "2022.11.30"]
[SourceVersion "1"]
[SourceVersionDate "2022.11.30"]
[SourceQuality "1"]
[WhiteTeam "Novo Virje Konaki"]
[BlackTeam "Zagreb Zagreb"]
[WhiteTeamCountry "CRO"]
[BlackTeamCountry "CRO"]

1. e4 e5 2. Nf3 Nc6 3. Bc4 Bc5 4. d3 Nf6 5. Nc3 h6 6. h3 a6 7. Be3 d6 8. Nd5 Bxe3 9. Nxe3 Na5 10. Bb3 Nxb3 11. axb3 Be6 12. Qd2 c5 13. b4 Rc8 14. bxc5 Rxc5 15. 0-0 0-0 16. c4 Rc7 17. Qb4 Nh5 18. d4 Nf4 19. Rad1 exd4 20. Nxd4 Qg5 21. Qxd6 Rxc4 22. h4 Qxh4 23. Nxc4 Bxc4 24. Rfe1 Qg4 25. g3 Nd3 26. Re2 1/2-1/2

[Event "Novi Sad Serbia op-A"]
[Site "Novi Sad"]
[Date "2022.07.04"]
[Round "7"]
[White "Suleymenov, Alisher"]
[Black "Ostovic, Matija"]
[Result "1/2-1/2"]
[WhiteElo "2467"]
[BlackElo "2391"]
[PlyCount "92"]
[EventDate "2022.06.28"]
[EventType "swiss"]
[EventRounds "9"]
[EventCountry "SRB"]
[SourceTitle "EXT 2023"]
[Source "ChessBase"]
[SourceDate "2022.10.05"]
[SourceVersion "1"]
[SourceVersionDate "2022.10.05"]
[SourceQuality "1"]

1. e4 c5 2. Nf3 d6 3. d4 cxd4 4. Nxd4 Nf6 5. Nc3 a6 6. Be3 e5 7. Nb3 Be6 8. f3 h5 9. Qd2 Nbd7 10. Be2 Rc8 11. Rc1 Nb6 12. 0-0 d5 13. exd5 Nbxd5 14. Nxd5 Qxd5 15. Rfd1 Qxd2 16. Rxd2 Nd5 17. Bf2 Nb4 18. Na5 b5 19. a3 Nd5 20. Bf1 Bc5 21. Re1 Bxf2+ 22. Kxf2 f6 23. c4 bxc4 24. Bxc4 Nc7 25. Rc1 Nb5 26. Bxb5+ axb5 27. Rxc8+ Bxc8 28. Rc2 Bd7 29. Ke3 Ke7 30. Ke4 Ke6 31. Nb7 f5+ 32. Kd3 Bc8 33. Rc7 g5 34. h3 g4 35. hxg4 hxg4 36. fxg4 fxg4 37. Ke4 g3 38. Kf3 Rg8 39. b4 Kd5 40. Nc5 Kd4 41. Nb3+ Kd3 42. Nc1+ Kd4 43. Ne2+ Kd3 44. Nc1+ Kd4 45. Nb3+ Kd3 46. Nc5+ Kd4 1/2-1/2

[Event "Novi Sad Serbia op-A"]
[Site "Novi Sad"]
[Date "2022.07.01"]
[Round "4"]
[White "Mahitosh, Dey"]
[Black "Ostovic, Matija"]
[Result "0-1"]
[WhiteElo "2212"]
[BlackElo "2391"]
[PlyCount "76"]
[EventDate "2022.06.28"]
[EventType "swiss"]
[EventRounds "9"]
[EventCountry "SRB"]
[SourceTitle "EXT 2023"]
[Source "ChessBase"]
[SourceDate "2022.10.05"]
[SourceVersion "1"]
[SourceVersionDate "2022.10.05"]
[SourceQuality "1"]

1. e4 d6 2. d4 Nf6 3. Nc3 Nbd7 4. Nf3 e5 5. Bc4 Be7 6. dxe5 dxe5 7. Ng5 0-0 8. Bxf7+ Rxf7 9. Ne6 Qe8 10. Nxc7 Qd8 11. Nxa8 b5 12. Be3 Bb7 13. Nxb5 Bxa8 14. f3 Nxe4 15. fxe4 Bb4+ 16. c3 Qh4+ 17. Kd2 Bc5 18. Re1 Bxe3+ 19. Rxe3 Rf2+ 20. Kd3 Nc5+ 21. Kc4 Nxe4 22. Rxe4 Qxe4+ 23. Kb3 Qb7 24. a4 a6 25. Qe1 Qf7+ 26. c4 axb5 27. axb5 Bxg2 28. Qxe5 Rf3+ 29. Kb4 Qf8+ 30. c5 Rf4+ 31. Kc3 Rf5 32. Qe6+ Kh8 33. b4 Rf3+ 34. Kb2 Rf6 35. Qe5 Rf2+ 36. Kb3 Qf3+ 37. Ka4 Qa8+ 38. Kb3 Bd5+ 0-1

[Event "Zuerich Kupper Memorial"]
[Site "Zuerich"]
[Date "2019.08.15"]
[Round "2"]
[White "Tabatabaei, Mohammad Amin"]
[Black "Ostovic, Matija"]
[Result "1-0"]
[WhiteElo "2601"]
[BlackElo "2397"]
[PlyCount "29"]
[EventDate "2019.08.14"]
[EventType "swiss"]
[EventRounds "7"]
[EventCountry "SUI"]
[SourceTitle "CBM 191 Extra"]
[Source "ChessBase"]
[SourceDate "2019.09.30"]
[SourceVersion "1"]
[SourceVersionDate "2019.09.30"]
[SourceQuality "1"]

1. c4 Nf6 2. Nf3 e6 3. b3 d5 4. Bb2 c5 5. e3 Bd6 6. cxd5 exd5 7. Be2 0-0 8. 0-0 b6 9. d4 Bb7 10. Nc3 Nbd7 11. Nb5 Be7 12. Rc1 g6 13. Nc3 Re8 14. Ne5 cxd4 15. Nxd7 1-0

[Event "Zagreb Hulak Memorial op 3rd"]
[Site "Zagreb"]
[Date "2018.12.08"]
[Round "9"]
[White "Ostovic, Matija"]
[Black "Palac, Mladen"]
[Result "0-1"]
[WhiteElo "2377"]
[BlackElo "2553"]
[PlyCount "80"]
[EventDate "2018.12.01"]
[EventType "swiss"]
[EventRounds "9"]
[EventCountry "CRO"]
[SourceTitle "CBM 187 Extra"]
[Source "ChessBase"]
[SourceDate "2018.11.04"]
[SourceVersion "1"]
[SourceVersionDate "2018.11.04"]
[SourceQuality "1"]

1. e4 c5 2. Na3 b6 3. Nc4 Bb7 4. e5 Nc6 5. Nf3 b5 6. Ne3 Qb8 7. e6 fxe6 8. Bxb5 Nd4 9. Be2 Nf6 10. 0-0 Nxe2+ 11. Qxe2 g6 12. b3 Bg7 13. Bb2 0-0 14. Nc4 Nh5 15. Ne1 Nf4 16. Qd1 e5 17. d3 Qc7 18. f3 d5 19. Nd2 Rad8 20. g3 Ne6 21. Ng2 Nd4 22. c3 Nc6 23. Qe2 Rfe8 24. Rae1 e6 25. f4 exf4 26. Nxf4 e5 27. Ng2 Qa5 28. a3 e4 29. Rf4 Ba6 30. Qf2 Ne5 31. b4 Qa4 32. Qxc5 Nxd3 33. Qxa7 Rd7 34. Qe3 Nxb2 35. Nf3 Nd3 36. Nd4 Qxa3 37. b5 Nxe1 38. Nxe1 Bxd4 39. Qxd4 Bxb5 40. h4 Qc1 0-1

[Event "CRO-chT1B 27th"]
[Site "Biograd"]
[Date "2018.09.20"]
[Round "6.12"]
[White "Ostovic, Matija"]
[Black "Nemeth, Miklos"]
[Result "1-0"]
[WhiteElo "2390"]
[BlackElo "2477"]
[PlyCount "61"]
[EventDate "2018.09.15"]
[EventType "team-swiss"]
[EventRounds "9"]
[EventCountry "CRO"]
[SourceTitle "CBM 186 Extra"]
[Source "ChessBase"]
[SourceDate "2018.08.24"]
[SourceVersion "1"]
[SourceVersionDate "2018.08.24"]
[SourceQuality "1"]
[WhiteTeam "Koprivnica Podravka"]
[BlackTeam "Strigova Stridon"]
[WhiteTeamCountry "CRO"]
[BlackTeamCountry "CRO"]

1. d4 Nf6 2. c4 e6 3. Nf3 b6 4. e3 Bb4+ 5. Nbd2 Bb7 6. Bd3 0-0 7. 0-0 c5 8. a3 Bxd2 9. Bxd2 cxd4 10. exd4 d5 11. c5 Nbd7 12. Rc1 bxc5 13. dxc5 Rc8 14. b4 e5 15. Bf5 Rc7 16. Bg5 Re8 17. Re1 h6 18. Bh4 d4 19. Bg3 g6 20. Bxd7 Rxd7 21. c6 Bxc6 22. Rxc6 e4 23. Ne5 Rd5 24. Nc4 e3 25. fxe3 Ne4 26. exd4 Rxd4 27. Qe2 Kh7 28. Be5 Ng5 29. Qf1 Rg4 30. Nd6 Re6 31. Ra1 1-0

[Event "CRO-chT1B 27th"]
[Site "Biograd"]
[Date "2018.09.15"]
[Round "1.32"]
[White "Ostovic, Matija"]
[Black "Nikcevic, Nebojsa"]
[Result "0-1"]
[WhiteElo "2390"]
[BlackElo "2428"]
[PlyCount "62"]
[EventDate "2018.09.15"]
[EventType "team-swiss"]
[EventRounds "9"]
[EventCountry "CRO"]
[SourceTitle "CBM 186 Extra"]
[Source "ChessBase"]
[SourceDate "2018.08.24"]
[SourceVersion "1"]
[SourceVersionDate "2018.08.24"]
[SourceQuality "1"]
[WhiteTeam "Koprivnica Podravka"]
[BlackTeam "Sibenik"]
[WhiteTeamCountry "CRO"]
[BlackTeamCountry "CRO"]

1. Nf3 d5 2. c4 d4 3. b4 f6 4. e3 e5 5. c5 a5 6. Qa4+ Bd7 7. b5 dxe3 8. dxe3 Bxc5 9. Bc4 Bb4+ 10. Bd2 Qe7 11. 0-0 Nh6 12. Nc3 c6 13. Rfd1 Nf7 14. Ne4 cxb5 15. Bxf7+ Kxf7 16. Qb3+ Be6 17. Qb2 Rd8 18. Bxb4 Rxd1+ 19. Rxd1 axb4 20. Nd6+ Kf8 21. Qxb4 Na6 22. Qxb5 Rd8 23. Qb6 Nc7 24. Rd2 Nd5 25. Rxd5 Bxd5 26. Nf5 Rc8 27. h3 Qc5 28. Qb1 Qc1+ 29. Qxc1 Rxc1+ 30. Kh2 Bxf3 31. gxf3 Rc2 0-1

[Event "Zagreb Damjanovic Memorial 2nd"]
[Site "Zagreb"]
[Date "2018.07.17"]
[Round "2"]
[White "Horvat, Damjan"]
[Black "Ostovic, Matija"]
[Result "1/2-1/2"]
[WhiteElo "2068"]
[BlackElo "2372"]
[PlyCount "96"]
[EventDate "2018.07.16"]
[EventType "swiss"]
[EventRounds "9"]
[EventCountry "CRO"]
[SourceTitle "EXT 2019"]
[Source "ChessBase"]
[SourceDate "2018.10.10"]
[SourceVersion "1"]
[SourceVersionDate "2018.10.10"]
[SourceQuality "1"]

1. e4 c5 2. Nf3 d6 3. d4 cxd4 4. Nxd4 Nf6 5. f3 e5 6. Nb3 d5 7. Bg5 d4 8. c3 a5 9. a4 h6 10. Bh4 Be6 11. Bb5+ Nc6 12. N1d2 dxc3 13. bxc3 Be7 14. 0-0 0-0 15. Bf2 Nh5 16. g3 Qc7 17. Qe2 Nf6 18. Rfd1 Nd7 19. Rac1 Nb6 20. Qe3 Nd7 21. Qe2 Nb6 22. Qe3 Nc8 23. Nc5 Bh3 24. Nc4 N8a7 25. Qe2 Nc8 26. Nd3 Be6 27. Ne3 Rd8 28. Bc4 Bxc4 29. Nxc4 Bg5 30. Rb1 Nd4 31. cxd4 Qxc4 32. dxe5 Qxa4 33. f4 Be7 34. Rxb7 Qc6 35. Rbb1 a4 36. f5 a3 37. Rbc1 Qa4 38. f6 Bf8 39. Nc5 Rxd1+ 40. Rxd1 Qc6 41. e6 fxe6 42. fxg7 Bxg7 43. Qg4 a2 44. Nxe6 a1Q 45. Rxa1 Rxa1+ 46. Kg2 Qd7 47. Qxg7+ Qxg7 48. Nxg7 Nd6 1/2-1/2

[Event "Pula op 32nd"]
[Site "Pula"]
[Date "2018.06.28"]
[Round "7"]
[White "Ostovic, Matija"]
[Black "Gumularz, Szymon"]
[Result "1/2-1/2"]
[WhiteElo "2352"]
[BlackElo "2452"]
[PlyCount "42"]
[EventDate "2018.06.23"]
[EventType "swiss"]
[EventRounds "9"]
[EventCountry "CRO"]
[SourceTitle "CBM 185 Extra"]
[Source "ChessBase"]
[SourceDate "2018.07.29"]
[SourceVersion "1"]
[SourceVersionDate "2018.07.29"]
[SourceQuality "1"]

1. Nf3 Nf6 2. c4 g6 3. d4 Bg7 4. g3 0-0 5. Bg2 d6 6. 0-0 Nc6 7. d5 Na5 8. Nbd2 c5 9. e4 a6 10. Rb1 b5 11. b3 Rb8 12. Qc2 Bd7 13. Bb2 e5 14. dxe6 Bxe6 15. cxb5 axb5 16. Rbd1 Qb6 17. e5 Bf5 18. Qc1 dxe5 19. Nxe5 Rbd8 20. Ndf3 Be4 21. Qf4 Bb7 1/2-1/2

[Event "Pula op 32nd"]
[Site "Pula"]
[Date "2018.06.25"]
[Round "4"]
[White "Ostovic, Matija"]
[Black "Schnider, Gert"]
[Result "1-0"]
[WhiteElo "2352"]
[BlackElo "2422"]
[PlyCount "143"]
[EventDate "2018.06.23"]
[EventType "swiss"]
[EventRounds "9"]
[EventCountry "CRO"]
[SourceTitle "CBM 185 Extra"]
[Source "ChessBase"]
[SourceDate "2018.07.29"]
[SourceVersion "1"]
[SourceVersionDate "2018.07.29"]
[SourceQuality "1"]

1. Nf3 Nf6 2. c4 e6 3. d4 d5 4. e3 a6 5. b3 c5 6. cxd5 exd5 7. Be2 Nc6 8. 0-0 cxd4 9. Nxd4 Bd6 10. Bb2 0-0 11. Nd2 Re8 12. a3 Bd7 13. b4 Ne5 14. Rc1 Qe7 15. N4f3 Neg4 16. Bd4 Ne4 17. h3 Nh6 18. Qb3 Be6 19. Qb2 f6 20. Nxe4 dxe4 21. Nd2 Bf7 22. Nc4 Bc7 23. Rfd1 Nf5 24. Bc5 Qe6 25. g4 Nh4 26. Nd6 Bxd6 27. Rxd6 Qe5 28. Qxe5 Rxe5 29. Rd7 b5 30. Bd6 Rg5 31. Bg3 Nf3+ 32. Kg2 h5 33. Bxf3 exf3+ 34. Kxf3 hxg4+ 35. hxg4 Bd5+ 36. e4 Be6 37. Re7 Bxg4+ 38. Ke3 Bh5 39. Bf4 Rg4 40. Rc5 Re8 41. Rxe8+ Bxe8 42. Rc8 Kf7 43. Ra8 Rg1 44. Ra7+ Kg6 45. Rxa6 Rd1 46. Bd6 Bf7 47. f4 Bc4 48. Bf8 Rd7 49. Bd6 Kf7 50. Kd4 Bf1 51. Kc5 Bd3 52. Kc6 Rd8 53. Ra7+ Kg6 54. e5 fxe5 55. fxe5 Rc8+ 56. Kd5 Bc4+ 57. Ke4 Rh8 58. Kd4 Rh3 59. a4 Rd3+ 60. Ke4 bxa4 61. Rxa4 Rd1 62. Ra7 Bd5+ 63. Ke3 Bc6 64. Ra6 Bb5 65. Rb6 Bc4 66. Rc6 Rd3+ 67. Kf2 Rd2+ 68. Ke1 Bd5 69. Rc5 Rd4 70. b5 Kf5 71. b6 g5 72. Rxd5 1-0

[Event "Pula op 32nd"]
[Site "Pula"]
[Date "2018.06.25"]
[Round "3"]
[White "Siraj, Anej"]
[Black "Ostovic, Matija"]
[Result "0-1"]
[WhiteElo "1958"]
[BlackElo "2352"]
[PlyCount "69"]
[EventDate "2018.06.23"]
[EventType "swiss"]
[EventRounds "9"]
[EventCountry "CRO"]
[SourceTitle "EXT 2019"]
[Source "ChessBase"]
[SourceDate "2018.10.10"]
[SourceVersion "1"]
[SourceVersionDate "2018.10.10"]
[SourceQuality "1"]

1. d4 Nf6 2. Nf3 g6 3. Bf4 Bg7 4. e3 0-0 5. Be2 d6 6. 0-0 b6 7. c4 Bb7 8. Nbd2 Nbd7 9. Rb1 Re8 10. b4 e5 11. Bg3 h6 12. c5 exd4 13. cxd6 dxe3 14. fxe3 cxd6 15. Nc4 Ne4 16. Nxd6 Nxd6 17. Qxd6 Nf6 18. Bc4 Qxd6 19. Bxd6 Nd5 20. Rbe1 Nxe3 21. Bxf7+ Kxf7 22. Ne5+ Kg8 23. Rxe3 Rad8 24. Bc7 Rc8 25. Bd6 Re6 26. Rd1 Rce8 27. Rc3 Bxe5 28. Bxe5 Rxe5 29. Rd7 Re1+ 30. Kf2 R1e7 31. Rcc7 Rf8+ 32. Kg3 Rxd7 33. Rxd7 Rf7 34. Rd8+ Kg7 35. a4 0-1

[Event "Zalakaros op 37th"]
[Site "Zalakaros"]
[Date "2018.06.02"]
[Round "9"]
[White "Chakravarthi, Reddy M"]
[Black "Ostovic, Matija"]
[Result "1-0"]
[WhiteElo "2443"]
[BlackElo "2352"]
[PlyCount "113"]
[EventDate "2018.05.25"]
[EventType "swiss"]
[EventRounds "9"]
[EventCountry "HUN"]
[SourceTitle "CBM 184 Extra"]
[Source "ChessBase"]
[SourceDate "2018.06.28"]
[SourceVersion "1"]
[SourceVersionDate "2018.06.28"]
[SourceQuality "1"]

1. c4 Nf6 2. Nf3 g6 3. Nc3 d5 4. cxd5 Nxd5 5. Qb3 Nb6 6. d4 Bg7 7. e4 c6 8. Be3 0-0 9. Rd1 Be6 10. Qc2 Bg4 11. Be2 N8d7 12. 0-0 Nf6 13. h3 Be6 14. Ne5 Nfd7 15. f4 Qc7 16. f5 gxf5 17. exf5 Bd5 18. Ng4 Qg3 19. Rf2 Qc7 20. Bf4 Qd8 21. f6 Nxf6 22. Nxf6+ Bxf6 23. Be5 Bxe5 24. dxe5 Kh8 25. Bd3 Rg8 26. Bxh7 Rg7 27. Be4 e6 28. Rf6 Nd7 29. Rh6+ Kg8 30. Bxd5 cxd5 31. Rh5 Qb6+ 32. Kf1 Qe3 33. Re1 Qf4+ 34. Kg1 Rc8 35. Qe2 Nf8 36. Rf1 Qd4+ 37. Kh1 Ng6 38. Nb5 Qc4 39. Qxc4 Rxc4 40. Nd6 Rc2 41. Ne8 Kf8 42. Nxg7 Kxg7 43. Rg5 Re2 44. h4 Rxe5 45. Rxe5 Nxe5 46. Rc1 Nc6 47. g4 e5 48. Kg2 e4 49. Rc5 d4 50. Rd5 d3 51. Kf2 Kf6 52. Ke3 Nb4 53. Rf5+ Kg7 54. Kxe4 d2 55. Rf1 Nxa2 56. Rd1 Nb4 57. Rxd2 1-0